| 000 -LEADER |
| fixed length control field |
00882nam a22001697a 4500 |
| 005 - DATE AND TIME OF LATEST TRANSACTION |
| control field |
20240109144447.0 |
| 008 - FIXED-LENGTH DATA ELEMENTS--GENERAL INFORMATION |
| fixed length control field |
240109s1985 ru ||||| |||| 00| 0 rus d |
| 041 ## - LANGUAGE CODE |
| Language code of text/sound track or separate title |
rus |
| 080 ## - UNIVERSAL DECIMAL CLASSIFICATION NUMBER |
| Universal Decimal Classification number |
94(470+571) Д-73 |
| 245 ## - TITLE STATEMENT |
| Title |
Древнейшие государства на территории СССР : |
| Remainder of title |
Материалы и исследования : 1984 / |
| Statement of responsibility, etc. |
Ответственный редактор А.П. Новосельцев; Академия наук СССР. Институт истории СССР. |
| 264 ## - PRODUCTION, PUBLICATION, DISTRIBUTION, MANUFACTURE, AND COPYRIGHT NOTICE |
| Place of production, publication, distribution, manufacture |
Москва : |
| Name of producer, publisher, distributor, manufacturer |
Наука, |
| Date of production, publication, distribution, manufacture, or copyright notice |
1985. |
| 300 ## - PHYSICAL DESCRIPTION |
| Extent |
263 с.; |
| Other physical details |
23 см. |
| 653 ## - INDEX TERM--UNCONTROLLED |
| keyword |
ისტორია |
| 653 ## - INDEX TERM--UNCONTROLLED |
| keyword |
უძველესი სახელმწიფოები სსრკ-ს ტერიტორიაზე |
| 700 ## - ADDED ENTRY--PERSONAL NAME |
| Personal name |
Новосельцев, А.П. |
| Relator term |
რედაქტორი |
| 9 (RLIN) |
20985 |
| 942 ## - ADDED ENTRY ELEMENTS (KOHA) |
| Source of classification or shelving scheme |
|
| Koha item type |
წიგნი |